<?xml version="1.0" encoding="UTF-8"?>
<record
    xmlns:xsi="http://www.w3.org/2001/XMLSchema-instance"
    xsi:schemaLocation="http://www.loc.gov/MARC21/slim http://www.loc.gov/standards/marcxml/schema/MARC21slim.xsd"
    xmlns="http://www.loc.gov/MARC21/slim">

  <leader>01079nam0a2200301 i 4500</leader>
  <controlfield tag="001">RU\NLR\BIBL_A\010653382</controlfield>
  <controlfield tag="005">20260405072759.0</controlfield>
  <datafield tag="010" ind1=" " ind2=" ">
    <subfield code="a">9785413012420</subfield>
  </datafield>
  <datafield tag="021" ind1=" " ind2=" ">
    <subfield code="a">RU</subfield>
    <subfield code="b">2014-88440</subfield>
    <subfield code="9">5381</subfield>
  </datafield>
  <datafield tag="035" ind1=" " ind2=" ">
    <subfield code="a">(NILC)RuMoRGB-007830421</subfield>
  </datafield>
  <datafield tag="035" ind1=" " ind2=" ">
    <subfield code="a">(NLR Aleph) 010653382</subfield>
  </datafield>
  <datafield tag="090" ind1=" " ind2=" ">
    <subfield code="a">10714507</subfield>
    <subfield code="c">10714507</subfield>
  </datafield>
  <datafield tag="100" ind1=" " ind2=" ">
    <subfield code="a">20150126d2014    m  y0rusy50      ca</subfield>
  </datafield>
  <datafield tag="101" ind1="1" ind2=" ">
    <subfield code="a">rus</subfield>
    <subfield code="c">und</subfield>
  </datafield>
  <datafield tag="102" ind1=" " ind2=" ">
    <subfield code="a">RU</subfield>
  </datafield>
  <datafield tag="105" ind1=" " ind2=" ">
    <subfield code="a">y|||z|||000yy</subfield>
  </datafield>
  <datafield tag="200" ind1="1" ind2=" ">
    <subfield code="a">&#x41E;&#x441;&#x43D;&#x43E;&#x432;&#x44B; &#x434;&#x443;&#x445;&#x43E;&#x432;&#x43D;&#x43E;&#x439; &#x436;&#x438;&#x437;&#x43D;&#x438;</subfield>
    <subfield code="e">(&#x446;&#x438;&#x43A;&#x43B; &#x43B;&#x435;&#x43A;&#x446;&#x438;&#x439;)</subfield>
    <subfield code="e">[&#x434;&#x43B;&#x44F; &#x43B;&#x438;&#x446; &#x441;&#x442;&#x430;&#x440;&#x448;&#x435; 16 &#x43B;&#x435;&#x442;]</subfield>
    <subfield code="f">&#x42D;. &#x41A;&#x440;&#x438;&#x448;&#x43D;&#x430;&#x43C;&#x430;&#x447;&#x430;&#x440;&#x44C;&#x44F;</subfield>
    <subfield code="g">[&#x43F;&#x435;&#x440;. &#x412;&#x438;&#x43A; &#x421;&#x43F;&#x430;&#x440;&#x43E;&#x432;]</subfield>
  </datafield>
  <datafield tag="210" ind1=" " ind2=" ">
    <subfield code="a">&#x41C;&#x43E;&#x441;&#x43A;&#x432;&#x430;</subfield>
    <subfield code="c">&#x410;&#x43C;&#x440;&#x438;&#x442;&#x430;-&#x420;&#x443;&#x441;&#x44C;</subfield>
    <subfield code="d">2014</subfield>
  </datafield>
  <datafield tag="215" ind1=" " ind2=" ">
    <subfield code="a">254, [1] &#x441;.</subfield>
    <subfield code="d">17</subfield>
  </datafield>
  <datafield tag="606" ind1="1" ind2=" ">
    <subfield code="a">&#x419;&#x43E;&#x433;&#x430;</subfield>
    <subfield code="9">1123715</subfield>
    <subfield code="3">RU\NLR\AUTH\66125824</subfield>
  </datafield>
  <datafield tag="686" ind1="2" ind2=" ">
    <subfield code="a">&#x42D;331-4-340.2</subfield>
  </datafield>
  <datafield tag="700" ind1=" " ind2="1">
    <subfield code="8">rus</subfield>
    <subfield code="7">ca</subfield>
    <subfield code="a">&#x41A;&#x440;&#x438;&#x448;&#x43D;&#x430;&#x43C;&#x430;&#x447;&#x430;&#x440;&#x44C;&#x44F;</subfield>
    <subfield code="b">&#x41A;.&#x42D;.</subfield>
    <subfield code="f">1926-</subfield>
    <subfield code="g">&#x41A;&#x443;&#x43B;&#x430;&#x43F;&#x430;&#x442;&#x438; &#x42D;&#x43A;&#x43A;&#x438;&#x440;&#x430;&#x43B;&#x430;</subfield>
    <subfield code="3">RU\NLR\AUTH\7725251</subfield>
    <subfield code="9">8300</subfield>
  </datafield>
  <datafield tag="801" ind1=" " ind2="0">
    <subfield code="a">RU</subfield>
    <subfield code="b">&#x420;&#x413;&#x411;</subfield>
    <subfield code="c">20141128</subfield>
    <subfield code="g">RCR</subfield>
  </datafield>
  <datafield tag="942" ind1=" " ind2=" ">
    <subfield code="c">BOOK</subfield>
  </datafield>
  <datafield tag="980" ind1=" " ind2=" ">
    <subfield code="a">NBR</subfield>
  </datafield>
</record>
